000 00255nam a22001217a 4500
020 _a9789380930022
082 _a664
_bANU/FO
100 _aAnuradha Roy
245 _aFood processing
260 _aJaipur
_bYking Books
_c2010
300 _a328
942 _cBK
999 _c13682
_d13682